000 00721cam a2200217 i 4500
005 20260202104403.0
008 250721s2004 jo gr 000 0 ara d
082 1 4 _a371.3
_bغ ب ا
100 1 _aغباين، عمر
_eمؤلف.
245 1 0 _aتطبيقات مبتكرة في تعلم التفكير /
_cد. عمر غباين.
250 _aالطبعة الاولى.
264 3 1 _aعمان :
_bجهينة للنشر،
_c2004.
300 _a280 صفحة.
650 1 7 _aالتعليم.
650 1 7 _aأساليب التدريس.
650 1 7 _aالتفكير.
650 1 7 _aالتفكير المبدع.
650 1 7 _aالتعلم الذاتي.
942 _2ddc
_cBK
999 _c73921
_d73921